[Event "Paracin Winter op"]
[Site "Paracin"]
[Date "2018.02.01"]
[Round "4"]
[White "Grozdanovic, Anastasia"]
[Black "Lapcevic, Dragutin"]
[Result "1-0"]
[WhiteElo "1434"]
[BlackElo "1872"]
[PlyCount "43"]
[EventDate "2018.01.30"]
[EventType "swiss"]
[EventRounds "9"]
[EventCountry "SRB"]
[SourceTitle "CBM 182 Extra"]
[Source "ChessBase"]
[SourceDate "2018.02.23"]
[SourceVersion "1"]
[SourceVersionDate "2018.02.23"]
[SourceQuality "1"]

1. d4 Nf6 2. c4 e6 3. Nc3 Bb4 4. Bd2 c5 5. e3 0-0 6. Bd3 d5 7. Nf3 cxd4 8. exd4 dxc4 9. Bxc4 Nc6 10. Be3 Nd5 11. Bxd5 Qxd5 12. 0-0 Qh5 13. Ne2 b6 14. Qc2 Bb7 15. Nf4 Qd5 16. Nxd5 exd5 17. a3 Bd6 18. Qd1 Na5 19. Nd2 Ba6 20. Re1 f5 21. Qf3 Bb7 22. Bf4 1-0

[Event "SRB Central-ch op-B 9th"]
[Site "Paracin"]
[Date "2016.07.09"]
[Round "4"]
[White "Gajin, Nikola"]
[Black "Lapcevic, Dragutin"]
[Result "1-0"]
[WhiteElo "2069"]
[BlackElo "1916"]
[PlyCount "97"]
[EventDate "2016.07.07"]
[EventType "swiss"]
[EventRounds "9"]
[EventCountry "SRB"]
[SourceTitle "CBM 173 Extra"]
[Source "ChessBase"]
[SourceDate "2016.08.29"]
[SourceVersion "1"]
[SourceVersionDate "2016.08.29"]
[SourceQuality "1"]

1. c4 c5 2. Nc3 Nc6 3. g3 g6 4. Bg2 Bg7 5. Nf3 Nf6 6. 0-0 0-0 7. d4 cxd4 8. Nxd4 Qb6 9. Nb3 d6 10. Be3 Qd8 11. c5 Ng4 12. Bf4 e5 13. Bd2 Be6 14. cxd6 Qxd6 15. Ne4 Qe7 16. Nbc5 Bd5 17. Bg5 Qc7 18. Qxd5 h6 19. Be3 Rfd8 20. Qb3 Na5 21. Qa4 f5 22. Ne6 Qd7 23. Qxd7 Rxd7 24. N4c5 Re7 25. Bd5 Kh7 26. Nxg7 Kxg7 27. b4 Nxe3 28. fxe3 Nc6 29. Bxc6 bxc6 30. Rfd1 a5 31. bxa5 Rxa5 32. Nb3 Ra3 33. Rd6 Rb7 34. Nc5 Rb2 35. Kf2 Raxa2 36. Rxa2 Rxa2 37. Rxc6 Ra7 38. Rc7+ Rxc7 39. Ne6+ Kf6 40. Nxc7 g5 41. e4 f4 42. g4 Ke7 43. Ke1 h5 44. h3 hxg4 45. hxg4 Kd6 46. Nd5 Kc5 47. Kd2 Kd4 48. Nf6 Kc4 49. Nh7 1-0

[Event "Paracin-ch"]
[Site "Paracin"]
[Date "2016.01.23"]
[Round "7"]
[White "Trifunovic, Borisav"]
[Black "Lapcevic, Dragutin"]
[Result "1/2-1/2"]
[WhiteElo "2060"]
[BlackElo "1861"]
[PlyCount "149"]
[EventDate "2016.01.19"]
[EventType "swiss"]
[EventRounds "9"]
[EventCountry "SRB"]
[SourceTitle "CBM 170 Extra"]
[Source "ChessBase"]
[SourceDate "2016.02.25"]
[SourceVersion "1"]
[SourceVersionDate "2016.02.25"]
[SourceQuality "1"]

1. d4 Nf6 2. c4 e6 3. a3 Be7 4. Nc3 d5 5. e3 dxc4 6. Bxc4 c5 7. Nf3 Nc6 8. 0-0 cxd4 9. exd4 0-0 10. Bf4 a6 11. Be3 b5 12. Bd3 Bb7 13. Qe2 Rc8 14. Rfd1 Na5 15. Rac1 Nc4 16. Rc2 Nxb2 17. Rxb2 Rxc3 18. a4 Bxf3 19. Qxf3 bxa4 20. Bxa6 Nd5 21. Bd3 Qa8 22. Bd2 a3 23. Rbb1 Rcc8 24. Qe4 g6 25. Qe1 Qa4 26. Ra1 Rb8 27. Be4 Nb4 28. Qe3 Nc2 29. Bxc2 Qxc2 30. d5 Rb3 31. Qe5 Qf5 32. Qxf5 exf5 33. Be3 Rd8 34. g3 Bf6 35. Bd4 Kg7 36. Ra2 Bxd4 37. Rxd4 Ra8 38. Rdd2 Kf6 39. d6 Ke6 40. d7 Rd8 41. Rd4 Ke5 42. Rd1 Kf6 43. h4 h6 44. Kf1 g5 45. hxg5+ hxg5 46. Re2 Rb2 47. Rxb2 axb2 48. Rb1 g4 49. Rxb2 Rxd7 50. Kg2 Rd3 51. Ra2 Kg5 52. Rb2 Rf3 53. Rb5 Rd3 54. Rb7 Kg6 55. Rb6+ f6 56. Rb4 Rf3 57. Rb8 f4 58. Rb4 Kg5 59. Rb5+ f5 60. Rb8 fxg3 61. fxg3 Rd3 62. Rb2 Kf6 63. Re2 Kg5 64. Ra2 Rb3 65. Rc2 Rd3 66. Ra2 Kf6 67. Re2 Rd4 68. Kf2 f4 69. gxf4 Kf5 70. Kg2 Rxf4 71. Rf2 Rxf2+ 72. Kxf2 Kf4 73. Kg2 g3 74. Kg1 Kf3 75. Kf1 1/2-1/2

[Event "Paracin-ch"]
[Site "Paracin"]
[Date "2016.01.20"]
[Round "2"]
[White "Lapcevic, Dragutin"]
[Black "Mickovic, Slavisa"]
[Result "1/2-1/2"]
[WhiteElo "1861"]
[BlackElo "2132"]
[PlyCount "88"]
[EventDate "2016.01.19"]
[EventType "swiss"]
[EventRounds "9"]
[EventCountry "SRB"]
[SourceTitle "CBM 170 Extra"]
[Source "ChessBase"]
[SourceDate "2016.02.25"]
[SourceVersion "1"]
[SourceVersionDate "2016.02.25"]
[SourceQuality "1"]

1. d4 d5 2. c4 dxc4 3. Nc3 Nf6 4. e3 e6 5. Bxc4 a6 6. a4 c5 7. Nf3 Qc7 8. d5 exd5 9. Bxd5 Bd6 10. Qb3 0-0 11. h3 Nc6 12. 0-0 Nb4 13. Bc4 h6 14. Bd2 Bf5 15. Rfc1 Rad8 16. Ne2 Nc6 17. a5 Qe7 18. Bc3 Ne4 19. Nf4 Nxc3 20. Rxc3 Be4 21. Nd5 Qd7 22. Nd2 Bg6 23. Nf3 Be4 24. Nd2 Bxd5 25. Bxd5 Nb4 26. Bf3 Qb5 27. Nc4 Be7 28. Rcc1 Rd3 29. Qa4 Bf6 30. Be2 Qxa4 31. Rxa4 Rd7 32. Raa1 Rfd8 33. Rd1 Rxd1+ 34. Rxd1 Nc6 35. Rxd8+ Bxd8 36. Bf3 Nxa5 37. Nxa5 Bxa5 38. Bxb7 c4 39. Bxa6 c3 40. bxc3 Bxc3 41. f3 Kf8 42. Kf2 Ke7 43. Ke2 Ba1 44. Kd3 Bb2 1/2-1/2